[Event "CAN-ch U10"]
[Site "Kitchener"]
[Date "2006.07.12"]
[Round "6"]
[White "Williams, Maxwell"]
[Black "Knox, Christopher"]
[Result "0-1"]
[WhiteElo "1177"]
[BlackElo "1726"]
[PlyCount "42"]
[EventDate "2006.07.10"]
[EventType "swiss"]
[EventRounds "7"]
[EventCountry "CAN"]
[SourceTitle "CBM 113 Extra"]
[Source "ChessBase"]
[SourceDate "2006.09.14"]
[SourceVersion "1"]
[SourceVersionDate "2006.09.14"]
[SourceQuality "1"]

1. d4 Nf6 2. Nf3 c5 3. c3 d5 4. g3 Nc6 5. dxc5 a5 6. Bg2 e5 7. Be3 Ng4 8. Bg5 f6 9. Be3 Nxe3 10. fxe3 Bxc5 11. Nh4 Be6 12. Nd2 Bxe3 13. Qa4 Qb6 14. 0-0-0 0-0-0 15. Qc2 d4 16. Nf5 dxc3 17. Qxc3 Bxf5 18. Qb3 Qxb3 19. axb3 Nb4 20. Rdf1 Bxd2+ 21. Kd1 Bc2# 0-1